[Event "Borgerhout - KBSK"]
[Site "?"]
[Date "2010.11.21"]
[Round "4.3"]
[White "Vedder, Henk"]
[Black "Decoster, Frederic"]
[Result "1-0"]
[WhiteElo "2372"]
[BlackElo "2302"]
[PlyCount "145"]
[EventDate "2010.??.??"]
[SourceDate "2010.11.22"]

1. e4 c5 2. Nf3 d6 3. Bb5+ Nd7 4. d4 Ngf6 5. Qe2 a6 6. Bxd7+ Nxd7 7. c3 e6 8.
O-O Be7 9. Rd1 b6 10. Bf4 Bb7 11. dxc5 Nxc5 12. Bxd6 Nxe4 13. Be5 Qc8 14. Nbd2
Nxd2 15. Rxd2 O-O 16. Rad1 Rd8 17. Rxd8+ Bxd8 18. c4 Be7 19. Bd6 Bxd6 20. Rxd6
Qc7 21. Rd4 Rd8 22. Rxd8+ Qxd8 23. b4 h6 24. h3 Qd6 25. Qd2 Qc7 26. Qd4 Bxf3
27. gxf3 f6 28. h4 h5 29. a3 Kf7 30. Kg2 Ke7 31. Qe4 Kf7 32. f4 Ke7 33. f5 e5
34. Kf1 a5 35. Qd5 axb4 36. Qe6+ Kf8 37. axb4 Qa7 38. Qd6+ Kg8 39. Qc6 Qa1+ 40.
Kg2 Qd4 41. Qe8+ Kh7 42. Qxh5+ Kg8 43. Qe2 Kh7 44. h5 Kh8 45. f3 Kh7 46. Qc2
Qf4 47. c5 bxc5 48. bxc5 e4 49. fxe4 Qg4+ 50. Kf1 Qf3+ 51. Ke1 Qe3+ 52. Kd1
Qf3+ 53. Kc1 Qe3+ 54. Kb2 Qd4+ 55. Kb3 Qd8 56. Kc4 Qd7 57. Kc3 Qb5 58. Kd4 Qd7+
59. Ke3 Qc7 60. Kf3 Qc6 61. h6 gxh6 62. Qg2 h5 63. Qg6+ Kh8 64. Qxh5+ Kg7 65.
Qg6+ Kh8 66. Qh6+ Kg8 67. Qe3 Qb5 68. Kg3 Qb8+ 69. Kh3 Kh7 70. Qg3 Qb2 71. c6
Qa1 72. Qf3 Qc1 73. Qh5+ 1-0

[Event "Borgerhout - KBSK"]
[Site "?"]
[Date "2010.11.21"]
[Round "4.5"]
[White "Nieto, Emanuel"]
[Black "Piceu, Tom"]
[Result "0-1"]
[WhiteElo "2332"]
[BlackElo "2350"]
[PlyCount "42"]
[EventDate "2010.??.??"]
[SourceDate "2010.11.22"]

1. e4 c5 2. Nf3 d6 3. d4 cxd4 4. Nxd4 Nf6 5. f3 e5 6. Nb3 d5 7. Bg5 d4 8. c3
Nc6 9. Bb5 Qb6 10. Bxc6+ bxc6 11. cxd4 Ba6 12. dxe5 Nd7 13. Qd2 Nxe5 14. Be3
Qc7 15. Kf2 Bd6 16. g3 O-O 17. Qa5 Qxa5 18. Nxa5 f5 19. Kg2 fxe4 20. fxe4 Ng4
21. Re1 Bb4 0-1

[Event "KBSK - Borgerhout"]
[Site "?"]
[Date "2010.11.21"]
[Round "4.6"]
[White "Gryson, Wouter"]
[Black "Vedder, Richard"]
[Result "0-1"]
[WhiteElo "2244"]
[BlackElo "2242"]
[PlyCount "96"]
[EventDate "2010.??.??"]
[SourceDate "2010.11.22"]

1. d4 Nf6 2. Nf3 e6 3. e3 c5 4. Bd3 b6 5. e4 cxd4 6. e5 Nd5 7. Nxd4 Bc5 8. Nb5
O-O 9. O-O Nc6 10. c4 Nde7 11. Qh5 g6 12. Qe2 Nf5 13. Bxf5 exf5 14. Bf4 Re8 15.
b4 Bxb4 16. Qb2 g5 17. Be3 f4 18. Bd4 Nxd4 19. Qxd4 Bb7 20. Qb2 Bf8 21. Re1 Rc8
22. Nd2 d6 23. Nxa7 Ra8 24. Nb5 dxe5 25. Rad1 Qf6 26. Nc7 Qc6 27. Nd5 Bg7 28.
Qb3 b5 29. Ne4 bxc4 30. Qb4 Qxd5 31. Rxd5 Bxd5 32. Nc3 Be6 33. a4 Rab8 34. Nb5
Rec8 35. Rc1 e4 36. Qe7 h6 37. h4 Bf8 38. Qf6 Bg7 39. Qe7 Bf8 40. Qf6 Rc5 41.
hxg5 hxg5 42. Qd4 e3 43. fxe3 fxe3 44. Qxe3 Rf5 45. Qe4 Bc5+ 46. Kh2 Kg7 47.
Rxc4 Rh8+ 48. Kg3 Bf2+ 0-1

[Event "Borgerhout - KBSK"]
[Site "?"]
[Date "2010.11.21"]
[Round "4.7"]
[White "Baert, Andy"]
[Black "Verlinde, Tieme"]
[Result "1/2-1/2"]
[WhiteElo "2199"]
[BlackElo "2237"]
[PlyCount "75"]
[EventDate "2010.??.??"]
[SourceDate "2010.11.22"]

1. e4 c5 2. Nf3 d6 3. d4 cxd4 4. Nxd4 Nf6 5. Nc3 a6 6. Bg5 Nbd7 7. Qf3 e6 8.
O-O-O Be7 9. Be2 Qc7 10. Rhe1 O-O 11. Qg3 Rd8 12. f4 b5 13. e5 dxe5 14. Nc6
Qxc6 15. Bf3 exf4 16. Bxf4 Qc4 17. Bh6 g6 18. Bxa8 b4 19. Nd5 exd5 20. Rxe7 Nb6
21. Qe5 Bf5 22. Rc7 Qh4 23. Kb1 Nxa8 24. Rc6 Qxh6 25. Qxf6 Qf8 26. h4 h5 27. b3
a5 28. Rf1 Rc8 29. Rd6 Nc7 30. Rxf5 Ne8 31. Rd8 Nxf6 32. Rxf8+ Kxf8 33. Rxf6
Kg7 34. Rd6 Rc5 35. Kc1 f6 36. Rd7+ Kh6 37. Rd6 Kg7 38. Rd7+ 1/2-1/2

[Event "KBSK - Borgerhout"]
[Site "?"]
[Date "2010.11.21"]
[Round "4.8"]
[White "De Spiegelaere, Chris"]
[Black "Veltkamp, Gerben"]
[Result "0-1"]
[WhiteElo "1801"]
[BlackElo "2191"]
[PlyCount "68"]
[EventDate "2010.??.??"]
[SourceDate "2010.11.22"]

1. c4 c6 2. g3 d5 3. Bg2 Nf6 4. Nf3 Nbd7 5. cxd5 cxd5 6. d4 e6 7. O-O Be7 8.
Nc3 O-O 9. Bf4 Nb6 10. Ne5 Bd7 11. Rc1 Rc8 12. Qd3 Be8 13. e4 dxe4 14. Nxe4
Nfd5 15. Bd2 a6 16. Rxc8 Qxc8 17. Rc1 Qb8 18. Nc3 Bd6 19. f4 Qa7 20. Kh1 Nb4
21. Qe4 N6d5 22. a3 Bxe5 23. dxe5 Bc6 24. Nxd5 Nxd5 25. Qe2 g6 26. h4 h5 27.
Kh2 Rd8 28. Rd1 Bb5 29. Qf3 Ba4 30. b3 Bc6 31. Qe2 Qb6 32. Bxd5 Rxd5 33. Bb4
Rxd1 34. Qxd1 Qf2+ 0-1

[Event "CRELEL - Fontaine"]
[Site "601 CRELEL1 - 514 FONTAINE 1"]
[Date "2010.11.21"]
[Round "4.1"]
[White "Vandevoort, Pascal"]
[Black "Wirig, Anthony"]
[Result "1/2-1/2"]
[WhiteElo "2353"]
[BlackElo "2489"]
[PlyCount "93"]
[EventDate "2010.??.??"]

1. e4 c5 2. Nf3 d6 3. d4 cxd4 4. Nxd4 Nf6 5. Nc3 g6 6. Be3 a6 7. f3 b5 8. Qd2
Bb7 9. O-O-O h5 10. Kb1 Nbd7 11. Nb3 Rc8 12. a4 bxa4 13. Nxa4 Bc6 14. Nc3 Bb7
15. Nd5 Nxd5 16. exd5 Bg7 17. Qa5 Rc7 18. Bxa6 Bxa6 19. Qxa6 O-O 20. Bd4 Qb8
21. Bxg7 Kxg7 22. Rhe1 Rfc8 23. Re2 Ne5 24. Qa5 Ra7 25. Qe1 Qb5 26. Rxe5 dxe5
27. Qxe5+ Kg8 28. Qe3 Qa4 29. f4 Qa2+ 30. Kc1 Rac7 31. Rd2 Rb7 32. Rd3 Rbc7 33.
Rd2 Qa6 34. Qf3 Rb8 35. Kb1 Ra7 36. Rd3 Rba8 37. Kc1 Qf6 38. c4 Ra2 39. Rc3 Qh4
40. Qg3 Qf6 41. Qe3 Rc8 42. c5 Ra4 43. g3 Qf5 44. Qe5 Qh3 45. Qe2 Qf5 46. Qe5
Qh3 47. Qe2 1/2-1/2

[Event "Fontaine - CRELEL"]
[Site "514 FONTAINE1 - 601 CRELEL 1"]
[Date "2010.11.21"]
[Round "4.2"]
[White "Philippe, Christophe"]
[Black "Renette, Hans"]
[Result "1-0"]
[WhiteElo "2431"]
[BlackElo "2323"]
[PlyCount "113"]
[EventDate "2010.??.??"]

1. d4 Nf6 2. Nf3 g6 3. Nc3 d5 4. Bf4 Bg7 5. e3 O-O 6. Be2 c5 7. Ne5 Nc6 8. O-O
cxd4 9. exd4 Qb6 10. Nxc6 Qxc6 11. Bb5 Qb6 12. a4 a5 13. Ra3 Qd8 14. Rb3 Be6
15. Be5 Nh5 16. Re1 Bxe5 17. Rxe5 Nf6 18. Be2 Nd7 19. Re3 b6 20. Bf3 Nf6 21.
Rb5 Qd6 22. Re5 Rad8 23. h4 Bd7 24. Rb3 e6 25. h5 Be8 26. Qe2 Nd7 27. Nb5 Qb8
28. Ree3 Nf6 29. g3 Rc8 30. Rec3 Bd7 31. h6 Rfd8 32. Kg2 Ne8 33. Qe3 Bxb5 34.
axb5 Qd6 35. Be2 Qe7 36. Rc6 Nd6 37. Bd3 Rxc6 38. bxc6 Rb8 39. g4 f6 40. c7 Rc8
41. Rxb6 Rxc7 42. Ra6 e5 43. dxe5 fxe5 44. Rxa5 e4 45. Ra8+ Kf7 46. Rh8 Ke6 47.
c3 Qh4 48. Be2 Rb7 49. b4 Rc7 50. Ra8 Qf6 51. Ra3 g5 52. b5 Qxh6 53. Ra6 Rd7
54. c4 dxc4 55. Qxe4+ Kf7 56. Bxc4+ Kg7 57. Qc6 1-0

[Event "CRELEL - Fontaine"]
[Site "601 CRELEL1 - 514 FONTAINE 1"]
[Date "2010.11.21"]
[Round "4.3"]
[White "De Gueldre, Philippe"]
[Black "Cekro, Ekrem"]
[Result "0-1"]
[WhiteElo "2135"]
[BlackElo "2392"]
[PlyCount "78"]
[EventDate "2010.??.??"]

1. e4 g6 2. d4 Bg7 3. Nc3 c6 4. f4 d5 5. e5 h5 6. Nf3 Bg4 7. Be3 Nh6 8. h3 Nf5
9. Bf2 Bxf3 10. Qxf3 Qb6 11. O-O-O h4 12. Bd3 e6 13. Bxf5 exf5 14. Na4 Qa5 15.
Qb3 b5 16. Nc5 Nd7 17. Nb7 Qc7 18. Nd6+ Kf8 19. g3 hxg3 20. Qxg3 Rh5 21. Nxf7
Kxf7 22. e6+ Kf6 23. exd7 Rah8 24. Rhg1 R8h6 25. Rde1 Qxd7 26. h4 Kf7 27. Qc3
Bf6 28. Re2 Bxh4 29. Rge1 Bxf2 30. Re7+ Qxe7 31. Rxe7+ Kxe7 32. Qc5+ Kd7 33.
Qxa7+ Ke6 34. Qc7 Rh1+ 35. Kd2 Be1+ 36. Ke2 R6h2+ 37. Kd3 Rd2+ 38. Kc3 Rh3+ 39.
Kb4 Rxc2# 0-1

[Event "Fontaine - CRELEL"]
[Site "514 FONTAINE1 - 601 CRELEL 1"]
[Date "2010.11.21"]
[Round "4.4"]
[White "Wantiez, Fabrice"]
[Black "Gillain, Christophe"]
[Result "1-0"]
[WhiteElo "2379"]
[BlackElo "2092"]
[PlyCount "77"]
[EventDate "2010.??.??"]

1. e4 e6 2. d4 d5 3. Nc3 dxe4 4. Nxe4 Bd7 5. Nf3 Bc6 6. Bd3 Nd7 7. O-O Ngf6 8.
Ned2 Be7 9. Nc4 Bxf3 10. Qxf3 c6 11. Bf4 O-O 12. Rad1 Nd5 13. Qh3 N7f6 14. Be5
h6 15. c3 Rc8 16. Bb1 c5 17. g4 cxd4 18. g5 hxg5 19. Rxd4 Re8 20. Ne3 Bc5 21.
Bxf6 Qxf6 22. Nxd5 exd5 23. Qh7+ Kf8 24. Qh8+ Ke7 25. Re1+ Kd7 26. Rxd5+ Bd6
27. Rxd6+ Qxd6 28. Bf5+ Kc7 29. Rxe8 Qd1+ 30. Kg2 Qd5+ 31. Be4 Qxe4+ 32. Rxe4
Rxh8 33. Re7+ Kc6 34. Rxf7 Rh7 35. Rf5 Rh5 36. f4 Rh4 37. fxg5 Re4 38. Kf2 Rh4
39. Kg3 1-0

[Event "CRELEL - Fontaine"]
[Site "601 CRELEL 1 - 514 FONTAINE 1"]
[Date "2010.11.21"]
[Round "4.5"]
[White "Timmermans, Daniel"]
[Black "Marechal, Andy"]
[Result "0-1"]
[WhiteElo "1965"]
[BlackElo "2307"]
[PlyCount "62"]
[EventDate "2010.??.??"]

1. d4 d5 2. c4 c6 3. Nc3 Nf6 4. Nf3 dxc4 5. e4 b5 6. e5 Nd5 7. a4 h6 8. axb5
Nxc3 9. bxc3 cxb5 10. Ng5 Bb7 11. Qh5 g6 12. Qh3 Qd7 13. f3 Nc6 14. Be3 e6 15.
Ne4 Be7 16. Be2 O-O-O 17. Kf2 a6 18. Rhd1 Kb8 19. Kg1 Rdg8 20. Ng3 Qd8 21. f4
Na5 22. Bf3 Nb3 23. Ra2 Bxf3 24. gxf3 Qd5 25. Kf2 a5 26. Ne4 a4 27. Nc5 Bxc5
28. dxc5 Qxd1 29. Qh4 g5 30. fxg5 hxg5 31. Qg3 g4 0-1

[Event "Fontaine - CRELEL"]
[Site "514 FONTAINE 1 - 601 CRELEL 1"]
[Date "2010.11.21"]
[Round "4.6"]
[White "Claesen, Pieter"]
[Black "Valentiny, Benoit"]
[Result "1-0"]
[WhiteElo "2367"]
[BlackElo "2026"]
[PlyCount "71"]
[EventDate "2010.??.??"]

1. c4 d6 2. Nc3 Nf6 3. g3 e5 4. Bg2 Nbd7 5. e4 c6 6. Nge2 Be7 7. d3 a6 8. O-O
O-O 9. h3 b5 10. Be3 b4 11. Na4 Bb7 12. f4 c5 13. g4 h6 14. g5 hxg5 15. fxg5
Nh5 16. h4 g6 17. Bf3 Ng7 18. Ng3 Ne6 19. Bg4 Rb8 20. Bxe6 fxe6 21. Qg4 Rxf1+
22. Rxf1 Nf8 23. b3 Bc6 24. Nb2 Bd7 25. Nd1 d5 26. Nf2 d4 27. Bc1 Nh7 28. Qh3
Qc7 29. Ng4 Rf8 30. Rxf8+ Kxf8 31. Nf1 Ke8 32. Qh2 Bd6 33. h5 Qd8 34. hxg6 Nxg5
35. Qh8+ Bf8 36. g7 1-0

[Event "CRELEL - Fontaine"]
[Site "601 CRELEL 1 - 514 FONTAINE 1"]
[Date "2010.11.21"]
[Round "4.7"]
[White "Remont, Leopold"]
[Black "Paci, Cedric"]
[Result "0-1"]
[WhiteElo "1965"]
[BlackElo "2361"]
[PlyCount "30"]
[EventDate "2010.??.??"]

1. e4 c5 2. Nf3 Nc6 3. d4 cxd4 4. Nxd4 g6 5. Be3 Nf6 6. Nc3 Bg7 7. Qd2 O-O 8.
O-O-O Ng4 9. Nxc6 bxc6 10. Bc4 Nxe3 11. Qxe3 Qa5 12. Ne2 d6 13. c3 Rb8 14. h4
Ba6 15. Bxa6 Qxa2 0-1

[Event "Fontaine - CRELEL"]
[Site "514 FONTAINE 1 - 601 CRELEL 1"]
[Date "2010.11.21"]
[Round "4.8"]
[White "Le Quang, Kim"]
[Black "Porteman, Eric"]
[Result "1-0"]
[WhiteElo "2327"]
[BlackElo "1954"]
[PlyCount "83"]
[EventDate "2010.??.??"]

1. e4 e6 2. d4 d5 3. e5 c5 4. c3 Nc6 5. Nf3 Qb6 6. a3 c4 7. Nbd2 Na5 8. g3 Bd7
9. h4 Be7 10. Bh3 f5 11. exf6 gxf6 12. O-O O-O-O 13. Re1 Re8 14. Nf1 Bf8 15.
Ne3 Ne7 16. Ng4 Bg7 17. h5 Rhg8 18. Bf4 Nf5 19. Qc2 Bh8 20. Re2 Re7 21. Rae1
Nd6 22. Nh6 Rge8 23. Nf5 Nxf5 24. Bxf5 Nc6 25. Bxh7 e5 26. dxe5 Nxe5 27. Nxe5
fxe5 28. Bg6 e4 29. Qd2 Bg4 30. Qxd5 Qe6 31. Qc5+ Qc6 32. Qxc6+ bxc6 33. Bxe8
Bxe2 34. Rxe2 Rxe8 35. Kg2 Kb7 36. Rd2 Re7 37. g4 Bf6 38. Kg3 Rf7 39. g5 Re7
40. g6 Re5 41. h6 Re6 42. g7 1-0

[Event "Fontaine - CREC"]
[Site "?"]
[Date "2010.12.05"]
[Round "5.1"]
[White "Wirig, Anthony"]
[Black "Gharamian, Tigran"]
[Result "1/2-1/2"]
[WhiteElo "2489"]
[BlackElo "2650"]
[PlyCount "50"]
[EventDate "2010.12.02"]
[SourceDate "2010.12.05"]

1. d4 Nf6 2. Nf3 e6 3. c4 d5 4. Nc3 Bb4 5. cxd5 exd5 6. Qa4+ Nc6 7. Bg5 h6 8.
Bxf6 Qxf6 9. e3 O-O 10. Be2 Be6 11. O-O a6 12. Rfc1 Bd6 13. Qd1 Ne7 14. Na4 b6
15. Qf1 a5 16. Nc3 c6 17. Na4 Rab8 18. a3 Rfc8 19. Qe1 c5 20. Nc3 Nc6 21. Nb5
Bf8 22. b3 Ra8 23. Qd1 Rcb8 24. h3 cxd4 25. Nfxd4 Nxd4 1/2-1/2

[Event "CREC - Fontaine "]
[Site "?"]
[Date "2010.12.05"]
[Round "5.2"]
[White "Mullon, Jean-Baptiste"]
[Black "Marzolo, Cyril"]
[Result "1/2-1/2"]
[WhiteElo "2442"]
[BlackElo "2446"]
[PlyCount "43"]
[EventDate "2010.12.02"]
[SourceDate "2010.12.05"]

1. e4 e5 2. Nf3 Nc6 3. Bb5 f5 4. Nc3 fxe4 5. Nxe4 Nf6 6. Nxf6+ Qxf6 7. Qe2 Be7
8. Bxc6 dxc6 9. Qxe5 Bg4 10. Qxf6 Bxf6 11. d3 O-O-O 12. Rb1 c5 13. Be3 c4 14.
Ke2 cxd3+ 15. cxd3 Rd5 16. h3 Bxf3+ 17. Kxf3 Rxd3 18. b3 Rhd8 19. Ke2 b6 20. g4
R3d5 21. Rbc1 Bd4 22. Rc2 1/2-1/2

[Event "Fontaine - CREC"]
[Site "?"]
[Date "2010.12.05"]
[Round "5.3"]
[White "Philippe, Christophe"]
[Black "Saiboulatov, Daniyal"]
[Result "1/2-1/2"]
[WhiteElo "2431"]
[BlackElo "2399"]
[PlyCount "64"]
[EventDate "2010.12.02"]
[SourceDate "2010.12.05"]

1. d4 e6 2. Nf3 Nf6 3. e3 b6 4. Bd3 Bb7 5. O-O Be7 6. b3 O-O 7. Bb2 Ne4 8. Nfd2
f5 9. f3 Nf6 10. e4 g6 11. c4 Nh5 12. g3 f4 13. g4 Ng7 14. Nc3 Nc6 15. Ne2 e5
16. d5 Nb4 17. Bb1 Bc5+ 18. Kh1 d6 19. a3 Na6 20. b4 Be3 21. Nb3 h5 22. Ng1 Kf7
23. Bc1 Bxc1 24. Nxc1 Nb8 25. Nd3 Nd7 26. Ra2 a5 27. Qc1 axb4 28. axb4 Rxa2 29.
Bxa2 Qa8 30. Bb3 hxg4 31. fxg4 Nf6 32. Nf2 Rh8 1/2-1/2

[Event "Fontaine - CREC"]
[Site "?"]
[Date "2010.12.05"]
[Round "5.5"]
[White "Wantiez, Fabrice"]
[Black "Akhayan, Ruben"]
[Result "1/2-1/2"]
[WhiteElo "2379"]
[BlackElo "2305"]
[PlyCount "91"]
[EventDate "2010.12.02"]
[SourceDate "2010.12.05"]

1. e4 e6 2. d4 d5 3. Nd2 dxe4 4. Nxe4 Bd7 5. Nf3 Bc6 6. Bd3 Nd7 7. O-O Bxe4 8.
Bxe4 c6 9. c3 Ngf6 10. Bc2 Bd6 11. Re1 Qc7 12. Qe2 O-O 13. Ne5 c5 14. Nxd7 Nxd7
15. dxc5 Bxh2+ 16. Kh1 Be5 17. Bg5 Bf6 18. Qe4 g6 19. Bxf6 Nxf6 20. Qf3 Nd5 21.
b4 b6 22. Be4 Rad8 23. Rad1 bxc5 24. Bxd5 Rxd5 25. Rxd5 exd5 26. Qxd5 cxb4 27.
cxb4 Qc3 28. Re4 Rc8 29. Kh2 Qc7+ 30. g3 Rd8 31. Qg5 Qb6 32. Kg2 Rc8 33. Qd5
Rd8 34. Qg5 Rc8 35. Qe3 Qxe3 36. Rxe3 Rc2 37. a3 Ra2 38. g4 h6 39. Kg3 Kg7 40.
Rc3 Ra1 41. Kf4 Ra2 42. f3 Ra1 43. Kg3 Ra2 44. Kf4 Ra1 45. Kg3 Ra2 46. Kf4
1/2-1/2

[Event "CREC - Fontaine "]
[Site "?"]
[Date "2010.12.05"]
[Round "5.6"]
[White "Bauduin, Etienne"]
[Black "Marechal, Andy"]
[Result "1/2-1/2"]
[WhiteElo "2274"]
[BlackElo "2307"]
[PlyCount "36"]
[EventDate "2010.12.02"]
[SourceDate "2010.12.05"]

1. c4 e5 2. g3 Nf6 3. Bg2 h6 4. Nc3 Bb4 5. Nf3 Bxc3 6. bxc3 d6 7. O-O O-O 8. d3
Re8 9. e4 c6 10. Nh4 d5 11. cxd5 cxd5 12. Qb3 Na6 13. Ba3 dxe4 14. dxe4 Qc7 15.
Nf5 Be6 16. Qc2 Nc5 17. Rab1 b6 18. Ne3 Rad8 1/2-1/2

[Event "Fontaine - CREC"]
[Site "?"]
[Date "2010.12.05"]
[Round "5.7"]
[White "Claesen, Pieter"]
[Black "Godart, Francois"]
[Result "1-0"]
[WhiteElo "2367"]
[BlackElo "2213"]
[PlyCount "43"]
[EventDate "2010.12.02"]
[SourceDate "2010.12.05"]

1. d4 Nf6 2. Nf3 e6 3. e3 b6 4. Bd3 Bb7 5. O-O Be7 6. c4 O-O 7. Nc3 d5 8. cxd5
exd5 9. b3 c5 10. Bb2 Nc6 11. Rc1 cxd4 12. exd4 Bd6 13. Ne2 Nb4 14. Bb1 Rc8 15.
Ne5 Rxc1 16. Qxc1 Qe7 17. Ng3 g6 18. a3 Na6 19. Re1 Qc7 20. Qf4 Nd7 21. Qh6 Qd8
22. Nh5 1-0

[Event "CREC - Fontaine "]
[Site "?"]
[Date "2010.12.05"]
[Round "5.8"]
[White "Sclacmender, Julien"]
[Black "Le Quang, Kim"]
[Result "1/2-1/2"]
[WhiteElo "2228"]
[BlackElo "2327"]
[PlyCount "53"]
[EventDate "2010.12.02"]
[SourceDate "2010.12.05"]

1. e4 c5 2. Nf3 d6 3. d4 cxd4 4. Nxd4 Nf6 5. Nc3 a6 6. Bg5 e6 7. f4 Qc7 8. Qf3
b5 9. f5 b4 10. Ncb5 axb5 11. Bxb5+ Bd7 12. fxe6 Bxb5 13. Nxb5 Qc5 14. Bxf6
gxf6 15. Qxf6 fxe6 16. Qxh8 Qxb5 17. Qxh7 Nc6 18. Rf1 O-O-O 19. Qg8 Nd4 20. Rf2
Qc4 21. Qg5 d5 22. Qe3 Bg7 23. Qd3 Qc6 24. c3 dxe4 25. Qg3 e3 26. Qxe3 Nf5 27.
Qf3 1/2-1/2

[Event "KBSK - Rochade"]
[Site "?"]
[Date "2010.12.05"]
[Round "5.1"]
[White "Maenhout, Thibaut"]
[Black "Berelowitsch, Alexander"]
[Result "1/2-1/2"]
[WhiteElo "2355"]
[BlackElo "2571"]
[PlyCount "83"]
[EventDate "2010.12.05"]
[SourceDate "2010.12.05"]

1. e4 e6 2. d4 d5 3. Nd2 c5 4. Ngf3 cxd4 5. exd5 Qxd5 6. Bc4 Qd6 7. Qe2 Nf6 8.
Nb3 Nc6 9. Bg5 Qb4+ 10. Bd2 Qb6 11. O-O-O Be7 12. Bg5 O-O 13. Nbxd4 Bd7 14.
Nxc6 Bxc6 15. Ne5 Be8 16. h4 Rd8 17. Ng4 Kh8 18. h5 Rxd1+ 19. Rxd1 Qc5 20. Ne5
h6 21. Bh4 Nd7 22. Nxd7 Bxd7 23. Rxd7 Bxh4 24. g3 Bg5+ 25. Kb1 Rd8 26. Rxd8+
Bxd8 27. g4 Bh4 28. f3 Qg1+ 29. Qf1 Qxf1+ 30. Bxf1 g6 31. hxg6 fxg6 32. Bc4 e5
33. Bf7 Kg7 34. Be8 Kf6 35. Kc1 Bg5+ 36. Kd1 b6 37. a4 a5 38. Ke2 Bc1 39. b3
Kg5 40. Kf2 h5 41. gxh5 gxh5 42. Kg2 1/2-1/2

[Event "Rochade - KBSK "]
[Site "?"]
[Date "2010.12.05"]
[Round "5.2"]
[White "Feygin, Michael"]
[Black "Geirnaert, Steven"]
[Result "1-0"]
[WhiteElo "2526"]
[BlackElo "2356"]
[PlyCount "83"]
[EventDate "2010.12.05"]
[SourceDate "2010.12.05"]

1. e4 d6 2. d4 Nf6 3. Nc3 g6 4. Bg5 Bg7 5. Qd2 h6 6. Bh4 g5 7. Bg3 Nh5 8. O-O-O
Nc6 9. Nge2 e6 10. d5 Ne5 11. Nd4 Qe7 12. Be2 Nxg3 13. hxg3 Ng6 14. dxe6 Bxe6
15. Nf5 Qf6 16. Nxg7+ Qxg7 17. f4 gxf4 18. gxf4 Ne7 19. Nb5 Rc8 20. Nxc7+ Rxc7
21. Qxd6 Rc8 22. Bb5+ Nc6 23. f5 Qg5+ 24. Kb1 Rd8 25. Bxc6+ bxc6 26. Qc5 Rxd1+
27. Rxd1 Qe7 28. Qxc6+ Bd7 29. Qc7 f6 30. e5 fxe5 31. Qb8+ Qd8 32. Qxe5+ Kf7
33. Qd5+ Ke7 34. Qe5+ Kf7 35. Qd5+ Ke7 36. Qd6+ Ke8 37. f6 Rh7 38. Re1+ Kf7 39.
Re7+ Kg8 40. Qg3+ Kh8 41. Rxh7+ Kxh7 42. Qg7# 1-0

[Event "KBSK - Rochade"]
[Site "?"]
[Date "2010.12.05"]
[Round "5.3"]
[White "Decoster, Frederic"]
[Black "Fiebig, Thomas"]
[Result "1-0"]
[WhiteElo "2302"]
[BlackElo "2453"]
[PlyCount "145"]
[EventDate "2010.12.05"]
[SourceDate "2010.12.05"]

1. e4 e6 2. d4 d5 3. Nc3 Nf6 4. Bg5 Bb4 5. e5 h6 6. Bc1 Ne4 7. Qg4 Kf8 8. a3
Ba5 9. Nge2 c5 10. dxc5 Nc6 11. b4 Nxe5 12. Qh3 Bc7 13. Nxe4 dxe4 14. Bb2 Ng6
15. Qe3 f5 16. g3 Ne5 17. Nd4 a6 18. Be2 Qe7 19. O-O Kg8 20. Rae1 Kh7 21. Qb3
Rf8 22. f3 f4 23. fxe4 fxg3 24. hxg3 Bd7 25. Qe3 Rf6 26. Nf3 Nxf3+ 27. Rxf3
Rxf3 28. Qxf3 Rf8 29. Qe3 e5 30. Rf1 Rxf1+ 31. Bxf1 Qf7 32. Bd3 Qa2 33. Qc1 Qe6
34. Qf1 Qg4 35. Kf2 Qg5 36. Bc1 Qf6+ 37. Ke1 Qg6 38. Qf2 Bd8 39. Be3 Bg5 40.
Bc4 Bxe3 41. Qxe3 Qh5 42. Kd2 Qh2+ 43. Kc3 Qh1 44. Kb2 Bc6 45. Qc3 Bxe4 46.
Qxe5 h5 47. a4 Bg6 48. Bd5 Qd1 49. Bb3 Qf1 50. Qg5 Qf2 51. Qe5 Qf1 52. Qe7 Qf3
53. Qd6 Be4 54. b5 axb5 55. axb5 g6 56. Ba4 Kg7 57. b6 Qe3 58. Qe5+ Kh7 59. Bb3
Qf3 60. Ba4 Kh6 61. Qf4+ Qxf4 62. gxf4 h4 63. Bd7 h3 64. Bxh3 Bc6 65. Kc3 g5
66. fxg5+ Kxg5 67. Kd4 Kf6 68. Bg4 Bg2 69. Be2 Ke7 70. Bc4 Bh3 71. c6 Bc8 72.
cxb7 Bxb7 73. Bd5 1-0

[Event "Rochade - KBSK "]
[Site "?"]
[Date "2010.12.05"]
[Round "5.4"]
[White "Schneider, Bernd"]
[Black "Donovan, Linton"]
[Result "1-0"]
[WhiteElo "2410"]
[BlackElo "2300"]
[PlyCount "95"]
[EventDate "2010.12.05"]
[SourceDate "2010.12.05"]

1. c4 Nf6 2. Nc3 e5 3. g3 Nc6 4. Bg2 Bc5 5. e3 O-O 6. Nge2 Re8 7. d3 d6 8. O-O
Bg4 9. h3 Bh5 10. a3 a5 11. b3 Qd7 12. Bb2 Rab8 13. Qd2 Bxe2 14. Qxe2 Nd8 15.
Qd2 Ne6 16. Nd5 Bb6 17. d4 Nxd5 18. cxd5 Nf8 19. dxe5 dxe5 20. Rfd1 Rbd8 21.
Bc3 a4 22. Qc2 Ng6 23. bxa4 Ra8 24. Bf1 Red8 25. Qb2 Qxa4 26. Bxe5 Nxe5 27.
Qxe5 Qb3 28. Rd3 Qc2 29. h4 Rd6 30. Rad1 Bc5 31. Qa1 b6 32. R1d2 Qa4 33. Re2
Qe4 34. Red2 Qa4 35. Bg2 Qa6 36. e4 f6 37. Qf1 Re8 38. Kh2 Qa4 39. f4 Rdd8 40.
Re2 Bd6 41. Qe1 b5 42. Qc3 Ra8 43. e5 Qc4 44. exd6 Rxe2 45. dxc7 Qe4 46. c8=Q+
Rxc8 47. Qxc8+ Kf7 48. Qe6+ 1-0

[Event "KBSK - Rochade"]
[Site "?"]
[Date "2010.12.05"]
[Round "5.5"]
[White "Piceu, Tom"]
[Black "Coenen, Michael"]
[Result "1/2-1/2"]
[WhiteElo "2350"]
[BlackElo "2325"]
[PlyCount "135"]
[EventDate "2010.12.05"]
[SourceDate "2010.12.05"]

1. d4 Nf6 2. c4 g6 3. Nc3 d5 4. Nf3 Bg7 5. e3 O-O 6. Be2 dxc4 7. Bxc4 c5 8. O-O
a6 9. a4 Qc7 10. Qe2 cxd4 11. exd4 Bg4 12. Be3 Bxf3 13. gxf3 Nc6 14. Rac1 Rad8
15. Rfd1 Nh5 16. Nd5 Qd6 17. Ba2 e6 18. Rxc6 bxc6 19. Nc3 Qb4 20. Qxa6 Qxb2 21.
Qc4 Qb6 22. Ne4 Qa7 23. Nc5 Nf6 24. a5 Qxa5 25. Nb7 Qf5 26. Nxd8 Qxf3 27. Rc1
Qg4+ 28. Kh1 Qf3+ 29. Kg1 Qg4+ 30. Kh1 Rxd8 31. Qxc6 h6 32. Qg2 Qe2 33. Bc4 Qb2
34. Rg1 Nd5 35. Qe4 Qb7 36. h4 Qc6 37. Rc1 Ne7 38. Qxc6 Nxc6 39. Bxe6 Nxd4 40.
Bc4 Nf5 41. h5 g5 42. Rb1 Bd4 43. Rb5 Nd6 44. Rd5 Bxe3 45. fxe3 Kf8 46. Kg2 Ke7
47. Be2 Rb8 48. Kf3 Rb4 49. Ra5 f5 50. Ra7+ Kf6 51. Ra6 Ke5 52. Ra5+ Ke6 53.
Ra6 Re4 54. Bd1 g4+ 55. Kf2 Rb4 56. Kg3 Ke5 57. Bc2 Nc4 58. Rxh6 Nxe3 59. Rc6
Nxc2 60. Rxc2 Rb1 61. Kh4 Rh1+ 62. Kg5 Ke4 63. Rc4+ Ke3 64. Kxf5 g3 65. Rc3+
Kf2 66. Kg6 Re1 67. Rxg3 Kxg3 68. h6 1/2-1/2

[Event "KBSK - Rochade"]
[Site "?"]
[Date "2010.12.05"]
[Round "5.7"]
[White "Verlinde, Tieme"]
[Black "Klein, Felix"]
[Result "1-0"]
[WhiteElo "2237"]
[BlackElo "2297"]
[PlyCount "51"]
[EventDate "2010.12.05"]
[SourceDate "2010.12.05"]

1. e4 c5 2. Nf3 e6 3. d3 Nc6 4. g3 Nf6 5. Bg2 Be7 6. O-O O-O 7. Nbd2 d5 8. e5
Nd7 9. Re1 b5 10. Nf1 a5 11. h4 b4 12. a3 bxa3 13. bxa3 Ba6 14. Bf4 Rb8 15.
N1h2 Qb6 16. Ng5 Nd4 17. c4 dxc4 18. Qh5 h6 19. Be4 f5 20. Ng4 hxg5 21. hxg5
fxe4 22. Nh6+ gxh6 23. Qg6+ Kh8 24. Qxh6+ Kg8 25. Qg6+ Kh8 26. Kg2 1-0

[Event "Amay - Eynatten1"]
[Site "?"]
[Date "2010.12.05"]
[Round "5.1"]
[White "Zaragatski, Ilja"]
[Black "Levin, Felix"]
[Result "1-0"]
[WhiteElo "2472"]
[BlackElo "2512"]
[PlyCount "77"]
[EventDate "2010.12.05"]
[SourceDate "2010.12.05"]

1. Nf3 Nf6 2. g3 b5 3. Na3 a6 4. c4 b4 5. Nc2 e6 6. d4 Bb7 7. Bg2 Be4 8. O-O
Be7 9. a3 bxa3 10. Nxa3 c5 11. dxc5 Bxc5 12. Nb1 O-O 13. Nc3 Bb7 14. Na4 Ba7
15. Bf4 d5 16. Qb3 Qe7 17. c5 Ne4 18. Bd6 Nxd6 19. cxd6 Qd7 20. Nb6 Bxb6 21.
Qxb6 Nc6 22. Rfc1 Rab8 23. Ra3 Rfc8 24. e4 Qxd6 25. exd5 exd5 26. Bh3 Qh6 27.
Bxc8 Qxc1+ 28. Kg2 Bxc8 29. Qc7 Qh6 30. Rc3 Bh3+ 31. Kh1 Rc8 32. Qb7 Qe6 33.
Re3 Qd7 34. Qxa6 Nb4 35. Qb6 Nd3 36. Rxd3 Rc1+ 37. Ng1 h6 38. Qb8+ Kh7 39. Qf4
1-0